Responses for show #4018 - Wednesday, February 6, 2002

2002 Teen Tournament quarterfinal game 3.

Contestants

Allie Pape, a sophomore from Ponte Vedra, Florida

Andy Kravis, a freshman from Farmington Hills, Michigan

Bernard Holloway, a junior from Mitchellville, Maryland

Jeopardy! Round responses

THE MIDDLE EAST
POP STARS
TAKE ME TO THE ZOO!
MONOPOLY
EXPLORERS
MMMM!
    $200 9
the Mediterranean Sea

Bernard
    $200 12
Jennifer Lopez

Allie
    $200 19
a camel

Allie
    $200 1
Boardwalk

Bernard
    $200 6
Henry Hudson

Bernard
    $200 21
a gingerbread man

Allie
    $400 16
(Andy: What is Arabic?)

Persian (or Farsi)

Andy
Triple Stumper
    $400 13
(Bernard: Who is Mary J. Blige?)

Alicia Keys

BernardAllie
    $400 20
elephants

Andy
    $400 2
Community Chest & Chance

Bernard
    $400 7
Hernán Cortés

Bernard
    $400 22
a s'more

Bernard
    $1,800 17
(Andy: [No response])

crusade

Andy
    $600 14
(Bernard: Who is Mary J. Blige?)

Pink

BernardAndy
    $600 28
Baton Rouge

Bernard
    $600 3
Pennsylvania

Andy
    $600 8
Magellan

Andy
    $600 23
Newtons

Bernard
    $800 24
Saudi Arabia

Andy
    $800 15
(Andy: Who is Destiny's Child?)

Lifehouse

Andy
Triple Stumper
    $800 29
bats

Bernard
    $800 4
Parker Brothers

Andy
    $800 10
Leif Erikson

Andy
    $800 26
Keebler

Allie
    $1000 25
(Bernard: What is Jordan?)

Lebanon

BernardAndy
    $1000 18
Samantha Mumba

Allie
    $1000 30
Atlanta

Bernard
    $1000 5
Atlantic City

Bernard
    $1000 11
Sir Edmund Hillary

Allie
    $1000 27
fortune cookies

Bernard

Scores at the first commercial break (after clue 16):

Bernard Andy Allie
$1,400 $2,200 $1,600

Scores at the end of the Jeopardy! Round:

Bernard Andy Allie
$4,800 $2,600 $3,800

Double Jeopardy! Round responses

LOUISA MAY ALCOTT
PROFESSIONAL SPORTS
HEALTH MATTERS
AFTER "ALL"
IS SAID
LONDON
    $400 2
Little Women

Bernard
    $400 3
the Stanley Cup

Bernard
    $400 1
lactose

Allie
    $400 9
(Allie: What are balls?)
[Originally ruled incorrect; reversed before Final Jeopardy! when researchers discovered a product called Dr. Burke's Back Pressure Balls]

alleys

AndyAllie
    $400 24
bound

Allie
    $400 8
the Queen is home

Bernard
    $800 18
(Allie: What is a maker of American flags?)

a seamstress

AndyAllie
    $800 4
500

Bernard
    $800 10
mononucleosis

Allie
    $800 14
allowance

Andy
    $800 25
(Bernard: Who is Jesse Lewis?)

Superman

BernardAllie
    $800 20
the Great Fire of London

Bernard
    $1200 19
John Brown

Bernard
    $1200 5
Belgium

Triple Stumper
    $600 11
calcium

Allie
    $1200 15
alleged

Bernard
    $1200 26
15 minutes

Allie
    $1200 21
the Thames

Bernard
    $1600 29
Thoreau

Allie
    $1600 6
the Kentucky Derby

Bernard
    $1600 12
(Andy: What is bronchitis?)

pneumonia

Andy
Triple Stumper
    $1600 16
the Allies

Andy
    $1600 27
the United States

Andy
    $5,200 22
Trafalgar Square

Bernard
    $2000 30
Emerson

Bernard
    $2000 7
Kurt Warner

Bernard
    $2000 13
LASIK

Andy
    $2000 17
your allotment

Allie
    $2000 28
played the game

Bernard
    $2000 23
(Andy: What is a vicarage?)

a theatre

Andy
Triple Stumper

Scores at the end of the Double Jeopardy! Round:

Bernard Andy Allie
$23,200 $6,200 $11,200
(lock game)

Final Jeopardy! Round responses

CITIES
AndyWhat is Saint Augustine?
$6,007
AllieWhat is St. Augustine?
$200
BernardWhat is St. Augustine, FL?
$799
St. Augustine, Florida

Final scores:

Bernard Andy Allie
$23,999 $12,207 $11,400
Automatic semifinalist 2nd place: $2,500 if eliminated 3rd place: $2,500 if eliminated

Game dynamics:

Coryat scores:

Bernard Andy Allie
$19,600 $8,000 $11,800
25 R
(including 1 DD),
4 W
14 R,
5 W
(including 1 DD)
16 R
(including 1 DD),
1 W

Combined Coryat: $39,400

The J! Archive is created by fans, for fans. The Jeopardy! game show and all elements thereof, including but not limited to copyright and trademark thereto, are the property of Jeopardy Productions, Inc. and are protected under law. This website is not affiliated with, sponsored by, or operated by Jeopardy Productions, Inc. Join the discussion at JBoard.tv.